| 000 | 00861pam a2200265 a 4500 | ||
|---|---|---|---|
| 001 | 2051810 | ||
| 003 | OSt | ||
| 005 | 20160511123831.0 | ||
| 008 | 930805s1994 maua 001 0 eng | ||
| 010 | _a 93031729 | ||
| 020 | _a0201569019 | ||
| 040 |
_aDLC _cDLC _dDLC |
||
| 050 | 0 | 0 |
_aQA303 _b.C17 1994 |
| 082 | 0 | 0 |
_a515 _220 |
| 100 | _aFinney L. Ross | ||
| 245 | 0 | 0 |
_aCalculus : _bgraphical, numerical, algebraic / _cRoss L. Finney ... [et al.]. |
| 260 |
_aReading, Mass. : _bAddison-Wesley, _cc1994. |
||
| 300 |
_a1 v. (various pagings) : _bill. (some col.) ; _c27 cm. |
||
| 500 | _aIncludes index. | ||
| 650 | 0 | _aCalculus. | |
| 700 | 1 | _aFinney, Ross L. | |
| 906 |
_a7 _bcbc _corignew _d1 _eocip _f19 _gy-gencatlg |
||
| 942 |
_2lcc _cGEN |
||
| 999 |
_c13757 _d13757 |
||